000 00597nam a2200217Ia 4500
999 _c7360
_d7360
003 0100
005 20170510113434.0
008 130303s9999 xx 000 0 und d
020 _a9970021354
040 _cARRUPELIB
050 _aDT433.285A49 1998
100 _aAmaza, Ondoga ori
_930702
245 _aMuseveni's long march
245 _bfrom guerrilla to statesman
260 _bFountain Publishers Limited
_aKampala, Uganda
_c1998
300 _axx
300 _b 263 p. 21cm.
600 _aMuseveni, Yoweri
_930703
650 _aInsurgency
_xHistory
_y20th century
_zUganda
_930704
650 _aUganda
_xPolitics
_y1979
_930705
942 _2lcc
_cMONOGRAPH